Principles Of Electrical Engineering And Electronics
| Main Author: | |
|---|---|
| Format: | Book |
| Published: |
India :
S. Chand & Company Ltd. ,
2006
|
| Subjects: |
MARC
| LEADER | 00000cam a2200000 7i4500 | ||
|---|---|---|---|
| 001 | 0000044960 | ||
| 005 | 20151221.0 | ||
| 008 | 150127 | ||
| 020 | |a 8121927293 | ||
| 020 | |a 9788121927291 | ||
| 090 | 0 | 0 | |a 621.3 |b MEH |
| 100 | 1 | |a Mehta, V.K. | |
| 245 | 1 | 0 | |a Principles Of Electrical Engineering And Electronics |c V.K. Mehta and Rohit Mehta |
| 260 | |a India : |b S. Chand & Company Ltd. , |c 2006 | ||
| 500 | |a Includes Index (887-894pg.) | ||
| 650 | 0 | |a Electric Engineering | |
| 650 | 0 | |a Electronic | |
| 999 | |a 0001392929 |b Book |c Adult Collection |e Cawangan Tmn. Ungku Tun Aminah | ||